[Event "Tbilisi Maia Cup rapid"]
[Site "Tbilisi"]
[Date "2019.09.05"]
[Round "2"]
[White "Magalashvili, Davit"]
[Black "Tqeshelashvili, Giorgi"]
[Result "1-0"]
[WhiteElo "2500"]
[BlackElo "1935"]
[PlyCount "95"]
[EventDate "2019.09.05"]
[EventType "swiss (rapid)"]
[EventRounds "9"]
[EventCountry "GEO"]
[SourceTitle "EXT 2020"]
[Source "ChessBase"]
[SourceDate "2019.10.17"]
[SourceVersion "1"]
[SourceVersionDate "2019.10.17"]
[SourceQuality "1"]

1. Nf3 Nf6 2. g3 e6 3. c4 d5 4. Bg2 Be7 5. 0-0 0-0 6. b3 c6 7. Bb2 Nbd7 8. d4 Ne4 9. Nbd2 f5 10. Rc1 Qe8 11. Ne1 Nxd2 12. Qxd2 Qh5 13. Nd3 Nf6 14. f3 Bd7 15. Nc5 Bxc5 16. dxc5 Rae8 17. Be5 Bc8 18. b4 Qg6 19. b5 Nd7 20. Bd6 Rf6 21. e4 dxe4 22. fxe4 fxe4 23. Rfe1 Qh5 24. Rxe4 cxb5 25. cxb5 h6 26. c6 bxc6 27. bxc6 Nb6 28. Rf4 Rxf4 29. Qxf4 e5 30. Qe3 Kh8 31. Bc5 e4 32. Bxb6 axb6 33. Qxb6 e3 34. Re1 e2 35. Qf2 Bg4 36. a4 Qa5 37. h3 Bc8 38. Rxe2 Rd8 39. Qf4 Ba6 40. Rf2 Qc5 41. Kh2 Bc8 42. c7 Re8 43. Qf7 Qe5 44. a5 h5 45. h4 Kh7 46. Bf1 Bg4 47. Bd3+ Kh8 48. Qf8+ 1-0